Los servicios públicos en Europa : hacia una regulación democrática /
Contenido: I) ¿Por qué regular?: 1. Derecho, subsidiariedad y eficiencia: la Unión Europea en busca de una doctrina para los SIG (servicios de interés general); 2. ¿Por qué regular? o regulación y gobernanza: ¿hacia una regulación basada en los derechos fundamentales?; 3. La regulación frente a la g...
Zapisane w:
| 1. autor: | |
|---|---|
| Kolejni autorzy: | , |
| Format: | Książka |
| Język: | hiszpański |
| Wydane: |
Bogotá, Colombia :
Universidad Externado de Colombia,
2010, c2010
|
| Seria: | (Economía Institucional Urbana ;
3) |
| Hasła przedmiotowe: | |
| Etykiety: |
Nie ma etykietki, Dołącz pierwszą etykiete!
|
MARC
| LEADER | 00000nam^a2200000^a^4500 | ||
|---|---|---|---|
| 001 | 000307453 | ||
| 005 | 20250521000000.0 | ||
| 009 | 20260310112848.448 | ||
| 020 | |a 978-958-710-588-9 | ||
| 037 | |a Acervo ITESO - Biblioteca | ||
| 041 | |a ESP | ||
| 082 | |a 343. 4009 |b BAU | ||
| 100 | |a Bauby, Pierre |e (coord.) | ||
| 245 | 1 | 4 | |a Los servicios públicos en Europa : |b hacia una regulación democrática / |c Coord. e introd. de P. Bauby, H. Coing, A. de Tolédo ; pról. en español y tr. por Pedro Ignacio Bernal. |
| 264 | 4 | |a Bogotá, Colombia : |b Universidad Externado de Colombia, |c 2010, c2010 | |
| 300 | |a 375 p. | ||
| 336 | |a texto |b txt |2 rdacontenido | ||
| 337 | |a sin mediación |b n |2 rdamedio | ||
| 338 | |a volumen |b nc |2 rdasoporte | ||
| 440 | 1 | |a (Economía Institucional Urbana ; |v 3) | |
| 500 | |a Traducción de: Les services publics en Europe. Pour une régulation démocratique | ||
| 520 | |a Contenido: I) ¿Por qué regular?: 1. Derecho, subsidiariedad y eficiencia: la Unión Europea en busca de una doctrina para los SIG (servicios de interés general); 2. ¿Por qué regular? o regulación y gobernanza: ¿hacia una regulación basada en los derechos fundamentales?; 3. La regulación frente a la globalización y a la liberación de los mercados; 4. Las consecuencias sociales de la privatización y de la liberalización para los asalariados, los consumidores y los ciudadanos; 5. ¿Puede el mercado regular los bienes públicos?: el ejemplo del mercado de "derechos de contaminación"; II) Las lógicas nacionales y territoriales de la regulación: 6. Las enseñanzas del modelo británico del PFI (Private Finance Initiative)para un nuevo miembro como Polonia; 7. La reforma de los servicios públicos en Italia: el caso de los transportes públicos locales; 8. El "servicio público territorializado": nuevo modelo de gobernanza de las grandes redes de servicio público en Francia; 9. El lugar de los ciudadanos en la acción pública local; | ||
| 520 | |a III) Las lógicas sectoriales estructurantes de la regulación: 10. La eficiencia de la regulación en cuestión: una perspectiva internacional; 11. El tratamiento de los residuos sólidos, un servicio de interés económico general: ¿es todavía legítimo el principio de autosuficiencia?; 12. ¿Qué perspectivas de evolución tiene el modelo de gobernanza de los servicios de agua en Francia frente a eventuales reformas europeas?: el aporte de las teorías de las organizaciones; 13. Globalización e independencia de los bancos centrales: una perspectiva histórica; IV) ¿Cuál es el futuro de la regulación?: 14. Costo y precio del acceso a los servicios de interés general; 15. Ayuda estatal y financiación de los servicios públicos: un balance después de la adopción del paquete post Altmark; 16. Sistemas técnicos y regulación de las industrias en redes: ¿hacia un nuevo modelo europeo?; 17. ¿Hacia una generalización de la regulación mediante licitaciones?; 18. La credibilidad de la regulación en Europa: sus fuentes religiosas. | ||
| 649 | |a XX | ||
| 650 | |a Competencia (Economía) - |z Unión Europea - |x Aspectos Jurídicos | ||
| 650 | |a Apertura Comercial e Integración Económica - |z Unión Europea | ||
| 650 | |a Telecomunicaciones - |z Unión Europea - |x Aspectos Jurídicos | ||
| 650 | |a Energía Eléctrica - |z Unión Europea - |x Aspectos Jurídicos | ||
| 650 | |a Gas Natural - |z Unión Europea - |x Aspectos Jurídicos | ||
| 650 | |a Transporte Terrestre - |z Unión Europea - |x Aspectos Jurídicos | ||
| 650 | |a Agua Potable - |z Unión Europea - |x Aspectos Jurídicos | ||
| 650 | |a Desechos - |x Tratamiento y Reciclaje - |z Unión Europea | ||
| 650 | |a Servicio Postal - |z Unión Europea - |x Aspectos Jurídicos | ||
| 650 | |a Dinero - |z Unión Europea - |x Aspectos Jurídicos | ||
| 650 | |a Servicios Públicos - |z Unión Europea - |x Aspectos Sociales y Culturales | ||
| 650 | |a Servicios Públicos - |z Unión Europea - |x Aspectos Económicos | ||
| 650 | |a Servicios Públicos - |z Unión Europea - |x Aspectos Jurídicos - |x Tema Principal | ||
| 650 | |a Política Social - |z Unión Europea | ||
| 650 | |a Políticas Públicas - |z Unión Europea | ||
| 650 | |a Derecho Público - |z Unión Europea | ||
| 650 | |a Derecho Comunitario | ||
| 700 | |a Coing, Henri |e (coordinación) | ||
| 700 | |a Tolédo, Alain de |e (coordinación) | ||
| 910 | |a Fondo General | ||
| 920 | |a Impresos - Libros | ||
| 930 | |a Colección General | ||
| 905 | |a 101 | ||
| 901 | |a 0500193912 |b IT1 |c ACC |i C126882 |u 20250521 | ||
| 902 | |a https://opac.biblio.iteso.mx/vufind/Record/000307453 | ||